书目信息 |
| 题名: |
30天必会建筑手绘快速表现
|
|
| 作者: | 杜健 , 吕律谱 编著 | |
| 分册: | ||
| 出版信息: | 武汉 华中科技大学出版社 2016.3 |
|
| 页数: | 214页 | |
| 开本: | 23×27cm | |
| 丛书名: | ||
| 单 册: | ||
| 中图分类: | TU204.11 | |
| 科图分类: | ||
| 主题词: | 建筑画--绘画技法 , 建筑画 , 绘画技法 | |
| 电子资源: | ||
| ISBN: | 978-7-5609-8843-6 | |
| 000 | 01038nam0 2200289 450 | |
| 001 | 0400004375 | |
| 005 | 20171023182649.0 | |
| 010 | @a978-7-5609-8843-6@dCNY68.00 | |
| 100 | @a20171023d2016 em y0chiy ea | |
| 101 | 0 | @achi |
| 102 | @aCN@b420000 | |
| 105 | @aa z 000yy | |
| 106 | @ar | |
| 200 | 1 | @a30天必会建筑手绘快速表现@930 tian bi hui jian zhu shou hui kuai su biao xian@dTo master architecture hand-drawing fast performance in 30 days@f杜健,吕律谱编著@zeng |
| 210 | @a武汉@c华中科技大学出版社@d2016.3 | |
| 215 | @a214页@c图@d23×27cm | |
| 300 | @a卓越手绘 | |
| 330 | @a本书内容包括:手绘基础、单体画法、马克笔单体上色的方法、马克笔效果图上色详解、草图快速表现、作品欣赏等。 | |
| 510 | 1 | @aTo master architecture hand-drawing fast performance in 30 days@zeng |
| 606 | 0 | @a建筑画@x绘画技法 |
| 606 | 0 | @a建筑画 |
| 606 | 0 | @a绘画技法 |
| 690 | @aTU204.11@v5 | |
| 701 | 0 | @a杜健@9du jian@c(手绘)@4编著 |
| 701 | 0 | @a吕律谱@9lv lv pu@4编著 |
| 801 | 0 | @aCN@bNLC@c20171023 |
| 905 | @b1037795-9@dTU204.11@f5@e1308 | |
| 30天必会建筑手绘快速表现=To master architecture hand-drawing fast performance in 30 days/杜健,吕律谱编著.-武汉:华中科技大学出版社,2016.3 |
| 214页:图;23×27cm |
| 卓越手绘 |
| ISBN 978-7-5609-8843-6:CNY68.00 |
| 本书内容包括:手绘基础、单体画法、马克笔单体上色的方法、马克笔效果图上色详解、草图快速表现、作品欣赏等。 |
| ● |
| 相关链接 |
|
|
|
|
正题名:30天必会建筑手绘快速表现
索取号:TU204.11/1308
 
预约/预借
| 序号 | 登录号 | 条形码 | 馆藏地/架位号 | 状态 | 备注 |
| 1 | 1037795 | 210377956 | 第二样本阅览室/ [索取号:TU204.11/1308] | 在馆 | |
| 2 | 1037796 | 210377965 | 密集书库-生命科学系/ [索取号:TU204.11/1308] | 在馆 | |
| 3 | 1037797 | 210377974 | 第三借阅区/ [索取号:TU204.11/1308] | 在馆 | |
| 4 | 1037798 | 210377983 | 第三借阅区/ [索取号:TU204.11/1308] | 在馆 | |
| 5 | 1037799 | 210377992 | 第三借阅区/ [索取号:TU204.11/1308] | 在馆 |